Sobre algunas anomalías y afecciones que pueden confundise con el lumbago traúmatico / (Record no. 109573)

MARC details
000 -LEADER
campo de control de longitud fija 00573nam a2200169 4500
001 - NÚMERO DE CONTROL
campo de control 109573
003 - IDENTIFICADOR DE NÚMERO DE CONTROL
campo de control ES-MaACL
005 - FECHA Y HORA DE LA ÚLTIMA TRANSACCIÓN
campo de control 20230906184853.0
007 - CAMPO FIJO DE DESCRIPCIÓN FÍSICA--INFORMACIÓN GENERAL
campo de control de longitud fija t|
008 - DATOS DE LONGITUD FIJA--INFORMACIÓN GENERAL
campo de control de longitud fija 061121s1930 sp r ||||1| spa d
100 1# - ENTRADA PRINCIPAL--NOMBRE DE PERSONA
Nombre de persona Oller Martínez, Antonio.
9 (RLIN) 86917
245 10 - MENCIÓN DEL TÍTULO
Título Sobre algunas anomalías y afecciones que pueden confundise con el lumbago traúmatico /
Mención de responsabilidad, etc. por Antonio Oller.
260 ## - PUBLICACIÓN, DISTRIBUCIÓN, ETC.
Lugar de publicación, distribución, etc. Valencia :
Nombre del editor, distribuidor, etc. Renovación Tipográfica,
Fecha de publicación, distribución, etc. 1930.
300 ## - DESCRIPCIÓN FÍSICA
Extensión 12 p. ;
Dimensiones 26 cm.
500 ## - NOTA GENERAL
Nota general Es tirada aparte de `Policlínica`. Vol. XIII, nº 149.
852 ## - LOCALIZACIÓN
Ubicación ES-MaACL
Número de control de estantería 1743-F-10
Holdings
Estatus retirado Estado de pérdida Estado de daño No para préstamo Colección Biblioteca de origen Biblioteca actual Ubicación en estantería Fecha de adquisición Fuente de adquisición Total de préstamos Signatura topográfica completa Código de barras Visto por última vez Precio de reemplazo Tipo de ítem Koha
        Colección de folletos Biblioteca del Ateneo de Madrid Biblioteca del Ateneo de Madrid Depósito folletos 17/01/2008     1743-F-10 1114327 23/02/2023 23/02/2023 Folleto